000 01701cam a22002054a 4500
005 20250605164100.0
008 250528s ||||||||||||||||||||||||d
035 _a17593
020 _a9789608885127
040 _aGR-AtMCL
_bgre
_dGR-AtMCL
_eAACR2
245 1 _aΕλληνική Οικονομία και Ναυτεμπορική / Σε Παράλληλες Πορείες: 1924-2014
260 _bΝαυτεμπορική,
_c2014
300 _a200
520 _aΠρόλογος, Χαιρετισμοί, Εισαγωγικό Σημείωμα, Τα Πρώτα 90 Χρόναι της Ναυτεμπορικής, 1924-1949: Από τον Μεσοπόλεμο στην Κατοχή και στον Εμφύλιο - Εκλάμψεις και Σκοταδισμοί και Επαναπροσδιορισμοί, 1950-1967: Στους Δαιδαλώσεις Δρόμους της Ανασυγκρότησης - Από το Όραμα στη Διάψευση, 1967-1974: ''Πραξικοπηματικές'' Θέσεις και Αντιθέσεις, 1974-1981: ''Μεταπολιτευτικές'' Ανατροπές και Μεταπτώσεις, 1981-1990: Νέες Ιδεολογίες με Δοκιμασμένες Συνταγές, 1990-2000: Ευρωπαϊκοί Προσανατολισμοί και Ολοκληρώσεις, 2001-2014: Στις Πρώτες Δεκαετίες μιας Νέας Χιλιετίας: - Υποσχέσεις και Αναιρέσεις, Πηγές, Ενδεικτική Βιβλιογραφία.
700 1 _aΚυμιωνής Στέλιος
_93764
700 1 _aΠανσεληνά Γεωργία Μ
_93765
942 _cBK
999 _c2997
_d2997